000 00683nam a2200253Ia 4500
008 160620s9999||||xx |||||||||||||| ||und||
040 _cEnglish
082 _aXI.A/Majumdar
082 _bBORI-101178
100 _aBiman Behari Majumdar
245 _aPolitical science And Government
300 _aViii+652
300 _cB
300 _eHardbound
530 _u00101178.pdf
563 _aStudy
600 _aBiman Behari Majumdar
630 _aPolitical science And Government
650 _a"Politics,History and Historiography"
650 _aGeneral Indology
700 _aBiman Behari Majumdar
730 _aPolitical science And Government
942 _cBOOK
999 _c1393280
_d1393277